000 00481nam a22001817a 4500
003 CEME
005 20210628202339.0
008 210302b xxu||||| |||| 00| 0 eng d
020 _a0-471-12324-2
040 _c.
082 _a624.171 FEL
100 _aNelson, Richard B Felton, Lewis P
_959480
245 _aMatrix structural analysis
260 _aNEW YORK
_bJOHN WILEY
_c1997
300 _aXIX,700P
650 _aSTRUCTRAL ANALYSIS-MATRIX METHODS
_959481
942 _cBK
_2ddc
999 _c569449
_d569449